书目信息 |
| 题名: |
概率论与随机过程
|
|
| 作者: | 史悦 , 孙洪祥 主编 ;北京邮电大学 编 | |
| 分册: | ||
| 出版信息: | 北京 北京邮电大学出版社 2010.02 |
|
| 页数: | 321页 | |
| 开本: | 24cm | |
| 丛书名: | ||
| 单 册: | ||
| 中图分类: | O211 | |
| 科图分类: | ||
| 主题词: | 随机过程--sui ji guo cheng , 概率论--gai lu lun | |
| 电子资源: | ||
| ISBN: | 978-7-5635-2132-6 | |
| 000 | 01093nam0 2200277 450 | |
| 001 | 012010671925 | |
| 005 | 20100624205553.42 | |
| 010 | @a978-7-5635-2132-6@dCNY35.00 | |
| 100 | @a20100624d2010 em y0chiy0120 ea | |
| 101 | 0 | @achi |
| 102 | @aCN@b110000 | |
| 105 | @aa a 000yy | |
| 106 | @ar | |
| 200 | 1 | @a概率论与随机过程@Agai lu lun yu sui ji guo cheng@f史悦, 孙洪祥主编@Fshi yue,sun hong xiang zhu bian@g北京邮电大学理学院数学系概率教研室编@Gbei jing you dian da xue li xue yuan shu xue xi gai lu jiao yan shi bian |
| 210 | @a北京@c北京邮电大学出版社@d2010.02 | |
| 215 | @a321页@c图@d24cm | |
| 320 | @a有书目 | |
| 330 | @a本书内容包括:概率论的基本概念、随机变量及其分布、多维随机变量及其分布等。每章均配有丰富的例题与习题,便于读者熟练掌握所学方法。 | |
| 606 | 0 | @a随机过程@Asui ji guo cheng |
| 606 | 0 | @a概率论@Agai lu lun |
| 690 | @aO211@v4 | |
| 701 | 0 | @a史悦@Ashi yue@4主编 |
| 701 | 0 | @a孙洪祥@Asun hong xiang@4主编 |
| 712 | 02 | @a北京邮电大学@Abei jing you dian da xue@b理学院数学系概率教研室@4编 |
| 801 | 0 | @aCN@bQSSK@c20100624 |
| 905 | @b782970-72@dO211@eS590@f3 | |
| 概率论与随机过程/史悦, 孙洪祥主编/北京邮电大学理学院数学系概率教研室编.-北京:北京邮电大学出版社,2010.02 |
| 321页:图;24cm |
| ISBN 978-7-5635-2132-6:CNY35.00 |
| 本书内容包括:概率论的基本概念、随机变量及其分布、多维随机变量及其分布等。每章均配有丰富的例题与习题,便于读者熟练掌握所学方法。 |
| ● |
| 相关链接 |
|
|
|
正题名:概率论与随机过程
索取号:O211/S590
 
预约/预借
| 序号 | 登录号 | 条形码 | 馆藏地/架位号 | 状态 | 备注 |
| 1 | 782970 | 207829705 | 自科库401/401自科库 47排5列1层/ [索取号:O211/S590] | 在馆 | |
| 2 | 782971 | 207829714 | 自科库401/401自科库 47排5列1层/ [索取号:O211/S590] | 在馆 | |
| 3 | 782972 | 207829723 | 自科库401/401自科库 47排5列1层/ [索取号:O211/S590] | 在馆 |